000 00628nam a2200241 i 4500
001 C2-0117910
003 PPAK
005 20180727110856.0
008 970729s1981 enk |||| ||||| | eng d
020 _a0241106486
040 _aPPAK
_beng
_cPPAK
_erda
082 0 4 _a808.83
_223
090 0 0 _a808.83
_bKIT
_dG
100 1 _aKitchen, Paddy,
_eauthor
245 1 4 _aThe way to write novels
264 1 _aLondon :
_bElm Tree Books ,
_c1981
300 _a77 pages ;
_c22 cm
336 _2rdacontent
_atext
337 _2rdamedia
_aunmediated
338 _2rdacarrier
_avolume
650 1 0 _aFiction-Authorship
942 _ddc
_cB
999 _c31839
_d31839